Bekannte Japaner anhand von Bildern erraten - Statistiken

Allgemein
  • Dieses Quiz wurde 35 mal gespielt
  • Das Durchschnittsergebnis liegt bei 3 aus 16
Antwortstatistiken
Bildquiz Antwort % Korrekt
Yoko Ono
78%
BabyMetal
47%
Hayao Miyazaki
44%
Shigeru Miyamoto
28%
AKB48
25%
Saroru Iwata
16%
Kanna Hashimoto
9%
Eiji Aonuma
6%
Kyari Pamyu Pamyu
3%
Maika Yamamoto
3%
Morning Musume
3%
Suzuka Nakamoto
3%
Yuko Araki
3%
Airi Suzuki
0%
°C-ute
0%
Mai Hagiwara
0%
Keine übereinstimmenden Quizze gefunden
Verteilung der Resultate
Anzahl Personen mit jedem Resultat
Perzentil nach korrekt beantworteten Fragen
Ihre Resultats-Entwicklung
Sie haben dieses Quiz noch nicht gespielt